Методика проведения упражнений по физике (во втузе): пособие для преподавателей втузов; Ч. 1; Механика и молекулярная физика

Bibliografiske detaljer
Hovedforfatter: Гуткин А. М. Абрам Маркович
Andre forfattere: Новодворская Е. М.
Sprog:russisk
Udgivet: Москва, Высшая школа, 1961
Fag:
Format: MixedMaterials Bog
KOHA link:https://koha.lib.tpu.ru/cgi-bin/koha/opac-detail.pl?biblionumber=256962

MARC

LEADER 00000nam0a2200000 4500
001 256962
005 20231101233148.0
035 |a (RuTPU)RU\TPU\book\279718 
090 |a 256962 
100 |a 20140412d1961 m y0rusy50 ca 
101 0 |a rus 
102 |a RU 
105 |a a j 001zy 
200 1 |a Методика проведения упражнений по физике (во втузе)  |e пособие для преподавателей втузов  |h Ч. 1  |i Механика и молекулярная физика  |f А. М. Гуткин, Е. М. Новодворская 
210 |a Москва  |c Высшая школа  |d 1961 
215 |a 176 с.  |c ил. 
606 1 |a Физика  |2 stltpush  |3 (RuTPU)RU\TPU\subj\63709  |9 80688 
610 1 |a методика 
610 1 |a задачи 
610 1 |a решения 
610 1 |a механика 
610 1 |a колебания 
610 1 |a кинематика 
610 1 |a законы Ньютона 
610 1 |a молекулярная физика 
610 1 |a термодинамика 
675 |a 53(07)  |v 3 
700 1 |a Гуткин  |b А. М.  |g Абрам Маркович 
701 1 |a Новодворская  |b Е. М. 
801 1 |a RU  |b 63413507  |c 20140412 
801 2 |a RU  |b 63413507  |c 20210518  |g RCR 
942 |c BK